[Event "Women's Speed Chess Q2"]
[Site "chess.com INT"]
[Date "2020.06.19"]
[Round "7"]
[White "Rakshitta, Ravi"]
[Black "Zvereva, Margarita"]
[Result "0-1"]
[WhiteTitle "WIM"]
[BlackTitle "WFM"]
[WhiteElo "2190"]
[BlackElo "1929"]
[WhiteFideId "25073230"]
[BlackFideId "34177741"]
[EventDate "2020.06.19"]

1. e4 c5 2. Nf3 d6 3. d4 cxd4 4. Nxd4 Nf6 5. Nc3 a6 6. Bg5 Nbd7 7. f4 Qc7 8. Qf3
h6 9. Bh4 g5 10. fxg5 hxg5 11. Bxg5 Qc5 12. Be3 Ne5 13. Qd1 Neg4 14. Bg1 Qb4 15.
Qd2 Bh6 16. Qd3 Ne5 17. Qd1 Qxb2 18. Na4 Qa3 19. c3 Nxe4 20. Qc2 Bd2+ 21. Kd1
Bxc3 22. Qxe4 Qxa4+ 23. Qc2 Qxc2+ 24. Kxc2 Bxa1 25. Be3 Bxd4 26. Bxd4 Bf5+ 27.
Kd2 Rc8 28. Be2 Nc4+ 29. Bxc4 Rxc4 30. Bxh8 Ra4 31. Ra1 Rh4 32. h3 Rxh8 33. Rc1
Rg8 34. Rc8+ Bxc8 0-1

[Event "Women's Speed Chess Q2"]
[Site "chess.com INT"]
[Date "2020.06.19"]
[Round "7"]
[White "Mudodo, Refiloe Hazel"]
[Black "Rovira Contreras, Tairu Manuela"]
[Result "0-1"]
[WhiteTitle "WCM"]
[BlackTitle "WIM"]
[WhiteElo "1543"]
[BlackElo "2058"]
[WhiteFideId "11000821"]
[BlackFideId "3900533"]
[EventDate "2020.06.19"]

1. e4 e5 2. Nf3 Nc6 3. Bb5 a6 4. Ba4 Nf6 5. Qe2 b5 6. Bb3 Be7 7. c3 O-O 8. O-O
d6 9. Rd1 Bg4 10. d3 Na5 11. Bc2 c5 12. Nbd2 Nc6 13. Nf1 Ne8 14. a4 b4 15. Ne3
Be6 16. c4 g6 17. h3 Ng7 18. Nf1 f5 19. Bh6 Ra7 20. b3 Bf6 21. Re1 a5 22. Qd2
Qd7 23. N1h2 Rf7 24. Bd1 Nd4 25. Nxd4 cxd4 26. f4 fxe4 27. Rxe4 Bf5 28. Re1 Ne6
29. Bg4 Nc5 30. Bxf5 gxf5 31. Rab1 e4 32. dxe4 fxe4 33. Qc2 d3 34. Qd2 Bd4+ 35.
Kh1 Qe6 36. Qd1 Qxh6 37. Ng4 Qg6 38. Kh2 Rxf4 39. Rf1 Raf7 0-1

[Event "Women's Speed Chess Q2"]
[Site "chess.com INT"]
[Date "2020.06.19"]
[Round "7"]
[White "Huda, Maryana"]
[Black "Sliwicka, Alicja"]
[Result "0-1"]
[WhiteTitle "WGM"]
[BlackTitle "WIM"]
[WhiteElo "2128"]
[BlackElo "2317"]
[WhiteFideId "14116553"]
[BlackFideId "1150677"]
[EventDate "2020.06.19"]

1. e4 c5 2. Nf3 d6 3. d4 Nf6 4. Nc3 cxd4 5. Nxd4 Bd7 6. Bc4 g6 7. f3 Nc6 8. Be3
Bg7 9. Qd2 a6 10. a3 b5 11. Nxc6 Bxc6 12. Ba2 O-O 13. g4 a5 14. Bh6 b4 15. Ne2
Qb6 16. Bxg7 Kxg7 17. Nd4 Bb7 18. h4 e5 19. Nf5+ Kh8 20. Qh6 Rg8 21. Bxf7 Bxe4
22. Bxg8 Rxg8 23. fxe4 Nxg4 24. Qd2 gxf5 25. O-O-O bxa3 26. b3 Nf2 27. Rhg1 Nxd1
28. Rxg8+ Kxg8 29. Qxd1 a2 30. Qd5+ Kg7 31. Kb2 f4 32. Kxa2 f3 33. Qe6 f2 34.
Qe7+ Kg6 35. Qg5+ Kf7 36. Qf5+ Ke8 37. Qe6+ Kd8 38. Qg8+ Kc7 39. Qxh7+ Kc6 40.
Qf7 a4 41. bxa4 Qd4 42. h5 Qxa4+ 43. Kb2 Qb5+ 44. Ka2 f1=Q 45. Qe8+ Kb7 46. Qe7+
Ka6 47. Qxd6+ Qb6 48. Qa3+ Qa5 49. Qxa5+ Kxa5 0-1

[Event "Women's Speed Chess Q2"]
[Site "chess.com INT"]
[Date "2020.06.19"]
[Round "7"]
[White "Gokbulut, Julia"]
[Black "Tarasova, Viktoriya"]
[Result "1-0"]
[WhiteTitle "WFM"]
[BlackTitle "WIM"]
[WhiteElo "1970"]
[BlackElo "2226"]
[WhiteFideId "4153979"]
[BlackFideId "4175840"]
[EventDate "2020.06.19"]

1. d4 Nf6 2. c4 e6 3. Nf3 b6 4. g3 Ba6 5. b3 d5 6. Qc2 c5 7. dxc5 bxc5 8. cxd5
exd5 9. Bg2 Nc6 10. O-O Be7 11. Bb2 O-O 12. Ne5 Nb4 13. Qd2 Ne4 14. Bxe4 dxe4
15. Qc3 Nd5 16. Qc2 e3 17. f4 Nb4 18. Qe4 Qc8 19. Na3 Bb7 20. Qxe3 f6 21. Nf3
Re8 22. Qc3 Nd5 23. Qc4 Kh8 24. Kf2 Bd6 25. Bc1 Ne3 26. Bxe3 Ba6 27. Qd5 Bf8 28.
Nc4 Bb7 29. Qd2 Qe6 30. Qc3 Ba6 31. Rae1 Rac8 32. Bd2 Rc7 33. e4 Bb7 34. e5 f5
35. Ng5 Qc6 36. Nf3 h6 37. Kg2 Kh7 38. Na5 Qb6 39. Nxb7 Qxb7 40. Be3 Qb5 41. Qc4
Qc6 42. Rc1 Rd7 43. b4 Red8 44. bxc5 Rd3 45. Rfe1 1-0

[Event "Women's Speed Chess Q2"]
[Site "chess.com INT"]
[Date "2020.06.19"]
[Round "7"]
[White "Socko, Monika"]
[Black "Sedina, Elena"]
[Result "1-0"]
[WhiteTitle "GM"]
[BlackTitle "IM"]
[WhiteElo "2428"]
[BlackElo "2299"]
[WhiteFideId "1106619"]
[BlackFideId "812153"]
[EventDate "2020.06.19"]

1. d4 d5 2. c4 c6 3. cxd5 cxd5 4. Nc3 Nf6 5. Bf4 Nc6 6. e3 Bf5 7. Qb3 Na5 8.
Bb5+ Bd7 9. Qa4 Nc6 10. Nf3 a6 11. Bxc6 Bxc6 12. Qb3 e6 13. O-O Be7 14. Ne5 Nh5
15. Nxc6 bxc6 16. Qb7 Qc8 17. Qxc8+ Rxc8 18. Be5 f6 19. Bg3 Nxg3 20. hxg3 c5 21.
Ne2 Kf7 22. Rfc1 c4 23. Rc2 Rb8 24. Nc3 Rb4 25. a3 Rb3 26. Na4 Rhb8 27. Kf1 R8b5
28. Ke2 Ra5 29. Nc3 Bb4 30. Nd1 Bd6 31. Ra2 f5 32. Nc3 g5 33. f4 h6 34. Rc1 Kg6
35. Kd2 Rb8 36. Kc2 Rb3 37. Rh1 Bc7 38. Raa1 Bd6 39. Rab1 Bb8 40. Rh2 Rb7 41.
Rbh1 Rh7 42. fxg5 Kxg5 43. Rh5+ Kg6 44. R1h3 Bxg3 45. Kd2 Bd6 46. Rh1 e5 47.
R5h3 exd4 48. exd4 Bf4+ 49. Kc2 Re7 50. Rf1 Bg5 51. Rhf3 f4 52. R3f2 Re3 53. Rf3
Re6 54. Rg1 Re4 55. Rd1 Re3 56. Rxe3 fxe3 57. Rf1 e2 58. Re1 1-0

[Event "Women's Speed Chess Q2"]
[Site "chess.com INT"]
[Date "2020.06.19"]
[Round "7"]
[White "Sihite, Chelsie Monica Ignesias"]
[Black "Cori T., Deysi"]
[Result "1-0"]
[WhiteTitle "WIM"]
[BlackTitle "WGM"]
[WhiteElo "2252"]
[BlackElo "2388"]
[WhiteFideId "7101198"]
[BlackFideId "3801934"]
[EventDate "2020.06.19"]

1. c4 Nf6 2. Nc3 e6 3. g3 d5 4. cxd5 exd5 5. Bg2 c6 6. Nf3 g6 7. O-O Bg7 8. d3
O-O 9. Bf4 Re8 10. Rc1 Nbd7 11. Qd2 Nf8 12. Bh6 Ne6 13. Bxg7 Kxg7 14. Rfe1 h6
15. Na4 Qe7 16. e4 dxe4 17. dxe4 Rd8 18. Qc3 Kh7 19. Ne5 Ng5 20. h4 Nh3+ 21. Kf1
Nxf2 22. Nxc6 bxc6 23. Kxf2 Ba6 24. Nc5 Bc8 25. Bf3 Bg4 26. Re3 h5 27. Kg2 Bxf3+
28. Rxf3 Ng4 29. Rcf1 f6 30. e5 Qxe5 31. Qxe5 Rd2+ 32. Kg1 fxe5 33. Rf7+ Kg8 34.
Ne4 Rd3 35. Rb7 Rf8 36. Rxf8+ Kxf8 37. Rxa7 Re3 38. Nd6 Rxg3+ 39. Kf1 Rf3+ 40.
Ke2 Rf2+ 41. Ke1 Rxb2 42. a4 Ne3 43. a5 Ra2 44. a6 Ng2+ 45. Kd1 Ne3+ 46. Ke1
Nc2+ 47. Kd1 Nb4 48. Ra8+ Ke7 49. a7 Kxd6 50. Rd8+ Ke6 51. a8=Q Rxa8 52. Rxa8
Kf5 53. Ke2 Kg4 54. Ra4 c5 55. Ra5 Kxh4 56. Rxc5 1-0

[Event "Women's Speed Chess Q2"]
[Site "chess.com INT"]
[Date "2020.06.19"]
[Round "7"]
[White "Ambartsumova, Karina"]
[Black "Charochkina, Daria"]
[Result "1/2-1/2"]
[WhiteTitle "IM"]
[BlackTitle "IM"]
[WhiteElo "2371"]
[BlackElo "2356"]
[WhiteFideId "4166299"]
[BlackFideId "4180917"]
[EventDate "2020.06.19"]

1. e4 c5 2. Nf3 e6 3. d4 cxd4 4. Nxd4 a6 5. Bd3 g6 6. O-O Bg7 7. Nb3 Ne7 8. Nc3
O-O 9. Bf4 d5 10. exd5 Nxd5 11. Nxd5 Qxd5 12. Rb1 Nc6 13. Qe2 e5 14. Bd2 Be6 15.
Be4 Qc4 16. Bd3 Qd5 17. Be4 Qd6 18. Rbd1 Nd4 19. Nxd4 exd4 20. a3 Rfe8 21. Qf3
Rac8 22. Bf4 Qb6 23. Bc1 h5 24. h3 Re7 25. Rfe1 Rec7 26. Bf4 Rd7 27. Bc1 Bc4 28.
b3 Bb5 29. Bb2 Bc6 30. Bxc6 Rxc6 31. Re2 Rc8 32. Qd3 Rcd8 33. Rde1 Kh7 34. Re8
Rxe8 35. Rxe8 Qc6 36. Re2 Qd5 37. Re1 b5 38. Re2 a5 39. Re4 a4 40. h4 axb3 41.
cxb3 Rc7 42. Kh2 Qd6+ 43. g3 Rc5 44. Re2 Rf5 45. Rd2 Rd5 46. Re2 Qf6 47. Rd2 Rf5
48. Bxd4 Qxd4 49. Qxd4 Bxd4 50. Rxd4 Rxf2+ 51. Kh3 Rb2 52. Rb4 Ra2 53. Rxb5 Rxa3
54. Rb7 Kg7 55. b4 Rb3 56. b5 1/2-1/2

[Event "Women's Speed Chess Q2"]
[Site "chess.com INT"]
[Date "2020.06.19"]
[Round "7"]
[White "Shevtchenko, Olesya"]
[Black "Skuhala, Barbara"]
[Result "1-0"]
[WhiteTitle "WFM"]
[BlackTitle "WFM"]
[WhiteElo "2054"]
[BlackElo "2095"]
[WhiteFideId "24131890"]
[BlackFideId "14605465"]
[EventDate "2020.06.19"]

1. e4 c5 2. Nf3 d6 3. d4 cxd4 4. Nxd4 Nf6 5. Nc3 a6 6. Nb3 e5 7. Be2 Be7 8. Be3
Be6 9. h4 Nbd7 10. h5 h6 11. g4 Nh7 12. Qd2 O-O 13. O-O-O b5 14. Rdg1 Bg5 15.
Qxd6 Rc8 16. Kb1 Qf6 17. Bxg5 Nxg5 18. Nd5 Bxd5 19. Qxf6 Nxf6 20. exd5 Nxd5 21.
Rd1 Nf4 22. Rhe1 Rfd8 23. c3 f6 24. Rxd8+ Rxd8 25. Rd1 Rxd1+ 26. Bxd1 Ngh3 27.
f3 Nf2 28. Bc2 Ne6 29. Nd2 Kf8 30. a4 bxa4 31. Bxa4 Nd3 32. b4 Ke7 33. Kc2 Ndf4
34. Kb3 Kd6 35. Ne4+ Kc7 36. Be8 Ng5 37. Nxg5 hxg5 38. Bg6 Ne2 39. Be4 Nf4 40.
c4 Kb6 41. Ka4 Ne6 42. c5+ Ka7 43. Ka5 Nd4 44. Bd5 Nb5 45. c6 Kb8 46. Kb6 Nd4
47. Be4 Nb5 48. Kxa6 Nc7+ 49. Kb6 Na8+ 50. Kc5 Kc7 51. b5 Nb6 52. Bf5 Na4+ 53.
Kb4 Nb6 54. Be6 Na8 55. Kc5 Nb6 56. Bb3 Nc8 57. Kd5 Na7 58. Ke6 Nxb5 59. Kf7 Nd4
60. Bd5 e4 61. Bxe4 1-0

[Event "Women's Speed Chess Q2"]
[Site "chess.com INT"]
[Date "2020.06.19"]
[Round "7"]
[White "Kovanova, Baira"]
[Black "Osmak, Iulija"]
[Result "0-1"]
[WhiteTitle "WGM"]
[BlackTitle "IM"]
[WhiteElo "2343"]
[BlackElo "2438"]
[WhiteFideId "4164083"]
[BlackFideId "14101602"]
[EventDate "2020.06.19"]

1. e4 e6 2. d3 d5 3. Qe2 Nc6 4. Nf3 dxe4 5. dxe4 e5 6. c3 Nf6 7. g3 Bc5 8. Bg2
O-O 9. O-O a5 10. h3 b6 11. Rd1 Qe7 12. Nh4 Ba6 13. Qf3 Rfd8 14. Re1 Rd3 15. Be3
Rad8 16. Bf1 Bxe3 17. fxe3 g6 18. Bxd3 Bxd3 19. Nd2 Kg7 20. Qg2 a4 21. a3 Na5
22. Rac1 Nb3 23. Nxb3 Bxe4 24. Qf2 axb3 25. Rcd1 Bd3 26. Ng2 Ne4 27. Qf3 f5 28.
g4 Ng5 29. Qg3 Ne4 30. Qf3 Ng5 31. Qg3 Be4 32. Rxd8 Nf3+ 33. Kh1 Qxd8 34. gxf5
Qd5 35. f6+ Kxf6 36. Rf1 Kg7 37. h4 Nxh4 38. Qxh4 Bxg2+ 39. Kg1 Bxf1 40. Qe7+
Kg8 41. Qe8+ Kg7 42. Qe7+ Qf7 43. Qxe5+ Kf8 44. Qh8+ Ke7 45. Qe5+ Kd7 46. Qd4+
Kc8 47. Qg4+ Kb7 48. Qe4+ c6 0-1

[Event "Women's Speed Chess Q2"]
[Site "chess.com INT"]
[Date "2020.06.19"]
[Round "7"]
[White "Kiolbasa, Oliwia"]
[Black "Vifleemskaia, Svetlana"]
[Result "1-0"]
[WhiteTitle "WIM"]
[BlackTitle "WFM"]
[WhiteElo "2160"]
[BlackElo "1943"]
[WhiteFideId "1154613"]
[BlackFideId "4129490"]
[EventDate "2020.06.19"]

1. e4 e5 2. Nf3 Nc6 3. Bb5 a6 4. Ba4 Nf6 5. O-O Be7 6. Re1 d6 7. c3 O-O 8. h3 b5
9. Bc2 h6 10. d4 exd4 11. cxd4 Re8 12. Nc3 Nb4 13. Bb3 c5 14. e5 dxe5 15. dxe5
Qxd1 16. Rxd1 Nd7 17. e6 Ne5 18. Nxe5 Bxe6 19. Bxe6 fxe6 20. a3 Nc2 21. Rb1 Bf6
22. Bf4 Nd4 23. Kf1 g5 24. Bh2 Red8 25. Ne4 Be7 26. Ng6 Kf7 27. Nxe7 Kxe7 28.
Nxc5 a5 29. Ne4 b4 30. Rd3 Nc2 31. Rxd8 Rxd8 32. Rc1 b3 33. Be5 Rd5 34. Bc3 a4
35. Ke2 e5 36. Rd1 Rb5 37. Nd2 Rc5 38. Ne4 Rb5 39. Kf3 Ke6 40. Kg4 Rd5 41. Rxd5
Kxd5 42. Nd2 e4 43. Kf5 e3 44. fxe3 Nxe3+ 45. Kg6 Nxg2 46. Kxh6 Nf4 47. Kxg5
Nxh3+ 48. Kg4 Nf2+ 49. Kf3 Nd3 50. Ke3 Nc5 51. Bb4 Na6 52. Kd3 Nb8 53. Kc3 Nd7
54. Nc4 Kc6 55. Ne3 Kb5 56. Bd6 Nb6 57. Be7 Ka5 58. Bd8 Kb5 59. Bxb6 Kxb6 60.
Kb4 1-0

[Event "Women's Speed Chess Q2"]
[Site "chess.com INT"]
[Date "2020.06.19"]
[Round "7"]
[White "Bartel, Marta"]
[Black "Fernandez, Maria Florencia"]
[Result "1-0"]
[WhiteTitle "WGM"]
[BlackTitle "WIM"]
[WhiteElo "2192"]
[BlackElo "2229"]
[WhiteFideId "1123009"]
[BlackFideId "116459"]
[EventDate "2020.06.19"]

1. Nf3 Nf6 2. d4 g6 3. Bg5 Bg7 4. c4 O-O 5. Nc3 d6 6. e3 Nc6 7. Be2 h6 8. Bh4 g5
9. Bg3 Bf5 10. O-O Nh5 11. Nd2 Nxg3 12. hxg3 e5 13. d5 Ne7 14. e4 Bd7 15. g4 Ng6
16. g3 Re8 17. Re1 Nf8 18. Nf1 Nh7 19. Ne3 Nf6 20. Rb1 Qc8 21. Kg2 c6 22. Nf5
Bxf5 23. gxf5 cxd5 24. cxd5 Qc7 25. Rc1 Qb6 26. Qd2 Rac8 27. Qe3 Qxb2 28. Nb5
Rxc1 29. Rxc1 Nxe4 30. Rc7 a6 31. Qxe4 axb5 32. Rxb7 Qxa2 33. f6 Bxf6 34. Bd3
Bg7 35. Qh7+ Kf8 36. Be4 Qc4 37. Qf5 Re7 38. Rb8+ Re8 39. Rb6 Qc7 40. Rxb5 Rb8
41. Bd3 Rxb5 42. Bxb5 Qd8 43. Bc6 Bf6 44. Qg4 Kg7 45. Qf5 Qa5 46. Qe4 Qc7 47.
Qf3 Qe7 48. g4 Qd8 49. Qe4 Qe7 50. Bb5 Qf8 51. Bd3 Be7 52. Qf5 Qg8 53. Be4 Kf8
54. Qc8+ Kg7 55. Qd7 Qf8 56. Qf5 Qb8 57. Qh7+ Kf6 58. Qxh6# 1-0

[Event "Women's Speed Chess Q2"]
[Site "chess.com INT"]
[Date "2020.06.19"]
[Round "7"]
[White "Kanyamarala, Trisha"]
[Black "Priyanka, K"]
[Result "0-1"]
[WhiteTitle "WIM"]
[BlackTitle "WIM"]
[WhiteElo "2193"]
[BlackElo "2218"]
[WhiteFideId "45004722"]
[BlackFideId "5082986"]
[EventDate "2020.06.19"]

1. d4 Nf6 2. c4 g6 3. Nc3 Bg7 4. e4 d6 5. Nf3 O-O 6. Be2 e5 7. d5 a5 8. h3 Na6
9. Bg5 h6 10. Be3 Nc5 11. Nd2 Nfd7 12. g4 f5 13. gxf5 gxf5 14. exf5 Rxf5 15. Qc2
Rf8 16. Rg1 Qf6 17. Nde4 Nxe4 18. Nxe4 Qh4 19. O-O-O Nf6 20. Nxf6+ Rxf6 21. Bg4
Kh8 22. Rg3 Bxg4 23. Rxg4 Qh5 24. Rdg1 Rg8 25. Qe4 Qf5 26. Qg2 Qh7 27. h4 h5 28.
Rg5 Rf5 29. Rg6 Rf7 30. Qh3 Re8 31. Kd1 Ree7 32. Qc8+ Bf8 33. Rg8+ Qxg8 34.
Rxg8+ Kxg8 35. Qxb7 Rg7 36. Bg5 Ref7 37. Ke2 Be7 38. Qc8+ Kh7 39. Bxe7 Rxe7 40.
Qf5+ Kh6 41. Qf6+ Kh7 42. Qf3 Kh6 43. Qe3+ Kh7 44. Qa3 Rg4 45. Qd3+ Kg7 46. Qd2
Rf7 47. Qxa5 Rxc4 48. Qa3 Rxh4 49. Qg3+ Rg4 50. Qh3 Kg6 51. Qd3+ e4 52. Qc3 Rgf4
53. Qh8 Rxf2+ 54. Ke3 R2f3+ 55. Kxe4 R7f4# 0-1

[Event "Women's Speed Chess Q2"]
[Site "chess.com INT"]
[Date "2020.06.19"]
[Round "7"]
[White "Shafigullina, Zarina"]
[Black "Limontaite, Simona"]
[Result "0-1"]
[WhiteTitle "WFM"]
[BlackTitle "WIM"]
[WhiteElo "2296"]
[BlackElo "2171"]
[WhiteFideId "24174220"]
[BlackFideId "12802506"]
[EventDate "2020.06.19"]

1. d4 d5 2. Nf3 e6 3. g3 f5 4. Bg2 Nf6 5. O-O Bd6 6. c4 c6 7. b3 O-O 8. Ba3 Ne4
9. Bxd6 Qxd6 10. Ne5 Nd7 11. Nxd7 Bxd7 12. f3 Nf6 13. f4 Be8 14. Nd2 Bh5 15. Nf3
Bxf3 16. Bxf3 Rad8 17. c5 Qe7 18. b4 Ne4 19. e3 g5 20. Bxe4 dxe4 21. Qb3 gxf4
22. gxf4 Kh8 23. Kh1 Rf6 24. Rg1 Rh6 25. Rg2 Rg8 26. Rag1 Rxg2 27. Rxg2 Qh4 28.
Qd1 Rg6 29. Qe2 Kg7 30. a4 a6 31. Rxg6+ hxg6 32. b5 axb5 33. axb5 cxb5 34. Qxb5
Qe1+ 35. Kg2 Qxe3 36. Qxb7+ Kh6 37. Qb8 Qxd4 38. Qf8+ Kh5 39. h3 Qd2+ 40. Kg3
Qc3+ 41. Kg2 e3 42. Qe7 Qd2+ 43. Kh1 Qe1+ 44. Kh2 Qf2+ 45. Kh1 Qf1+ 46. Kh2
Qxf4+ 47. Kh1 Qe4+ 48. Kg1 e2 49. Qh7+ Kg5 50. Qe7+ Kf4 51. Qh4+ Ke3 52. Qf2+
Kd2 53. c6 Qb1+ 54. Kg2 Qe4+ 55. Kg1 Qc4 0-1

[Event "Women's Speed Chess Q2"]
[Site "chess.com INT"]
[Date "2020.06.19"]
[Round "7"]
[White "Danielian, Elina"]
[Black "Karnaukhova, Elmira"]
[Result "1-0"]
[WhiteTitle "GM"]
[BlackTitle "WGM"]
[WhiteElo "2407"]
[BlackElo "2319"]
[WhiteFideId "13300210"]
[BlackFideId "4148827"]
[EventDate "2020.06.19"]

1. d4 c5 2. d5 b5 3. e4 b4 4. a4 d6 5. Nd2 e5 6. a5 Nf6 7. g3 Be7 8. Ngf3 O-O 9.
Bd3 Bh3 10. Bf1 Bc8 11. h3 Qc7 12. b3 g6 13. Bd3 Nh5 14. Nc4 Ng7 15. g4 Qd8 16.
Bh6 Na6 17. Qd2 Nc7 18. Ne3 Rb8 19. h4 Nb5 20. Bxb5 Rxb5 21. h5 Rxa5 22. Rxa5
Qxa5 23. Kf1 Re8 24. Kg2 Bf8 25. hxg6 fxg6 26. Nc4 Qc7 27. Ng5 Re7 28. f3 a5 29.
Kg3 Bd7 30. Qh2 a4 31. bxa4 Bxa4 32. Ne3 c4 33. Bxg7 Rxg7 34. Ne6 Qf7 35. Nxg7
Qxg7 36. Nxc4 Bb5 37. Ne3 Qa7 38. Qh4 h6 39. Qf6 Qxe3 40. Qxg6+ Bg7 41. Qe6+ Kh7
42. Qf5+ Kg8 43. Rb1 Bf1 44. Rxf1 Qe2 45. Rf2 Qe1 46. Kg2 Qe3 47. Qe6+ Kh7 48.
Qxd6 1-0

[Event "Women's Speed Chess Q2"]
[Site "chess.com INT"]
[Date "2020.06.19"]
[Round "7"]
[White "Zavivaeva, Emilia"]
[Black "De Seroux, Camille"]
[Result "0-1"]
[WhiteTitle "WCM"]
[BlackTitle "WIM"]
[WhiteElo "1735"]
[BlackElo "2137"]
[WhiteFideId "34127531"]
[BlackFideId "1305620"]
[EventDate "2020.06.19"]

1. e4 c5 2. Nf3 d6 3. d4 cxd4 4. Nxd4 Nf6 5. Nc3 Nc6 6. Be3 Ng4 7. Bb5 Nxe3 8.
Nxc6 Nxd1 9. Nxd8+ Kxd8 10. Rxd1 a6 11. Bc4 e6 12. O-O b5 13. Be2 Bb7 14. e5 d5
15. f4 Bc5+ 16. Kh1 Ke7 17. a3 d4 18. Nb1 Rac8 19. Bd3 Bb6 20. Nd2 Rhd8 21. Ne4
Bc7 22. Nd2 h6 23. Rf2 f5 24. Nb3 Bb6 25. Rfd2 Rd5 26. Be2 Rd7 27. Nxd4 Bxd4 28.
Rxd4 Rxd4 29. Rxd4 Rxc2 30. Bf1 Rxb2 31. Rd3 Bd5 32. h3 Rb1 33. Kg1 Bc4 34. Rf3
Bxf1 35. Rxf1 Rxf1+ 36. Kxf1 Kd7 37. Ke2 Kc6 38. Kd3 Kd5 39. h4 a5 40. h5 b4 41.
axb4 axb4 42. g3 Kc5 43. Kc2 Kc4 44. Kb2 Kd3 45. Kb3 Ke3 46. Kxb4 Kf3 47. Kc5
Kxg3 48. Kd6 Kxf4 49. Kxe6 Kg4 50. Kd6 f4 51. e6 f3 52. e7 f2 53. e8=Q f1=Q 54.
Qg6+ Kh4 55. Qe4+ Kg3 56. Qg6+ Kh2 57. Qxg7 Qf4+ 58. Ke6 Qc4+ 59. Kf6 Qc3+ 60.
Kg6 Qc6+ 0-1

[Event "Women's Speed Chess Q2"]
[Site "chess.com INT"]
[Date "2020.06.19"]
[Round "7"]
[White "Tarleva, Vira"]
[Black "Kucharska, Honorata"]
[Result "1-0"]
[WhiteTitle "WFM"]
[BlackTitle "WFM"]
[WhiteElo "2030"]
[BlackElo "2113"]
[WhiteFideId "14116693"]
[BlackFideId "1163868"]
[EventDate "2020.06.19"]

1. e4 e6 2. d4 d5 3. Nd2 c5 4. exd5 exd5 5. Ngf3 Nc6 6. dxc5 Bxc5 7. Bd3 Nf6 8.
O-O O-O 9. Nb3 Bd6 10. h3 a5 11. c3 Be6 12. Nbd4 Ne5 13. Bc2 Qd7 14. Nxe5 Bxe5
15. Qd3 Bxd4 16. Qxd4 Rac8 17. Bd3 Qc7 18. Bg5 Nd7 19. Qh4 g6 20. Bh6 Rfe8 21.
Rfe1 Qd8 22. Bg5 f6 23. Bd2 Ne5 24. Bb5 Rf8 25. Qg3 Qb6 26. a4 Bf7 27. Kh1 Be8
28. f4 Bxb5 29. fxe5 Bd7 30. exf6 Bf5 31. Qg5 Qxf6 32. Qg3 Be4 33. Bg5 Qe6 34.
Rf1 Rf5 35. Rae1 Rcf8 36. Rxf5 Qxf5 37. Bh6 Re8 38. Qc7 Qf7 39. Qxf7+ Kxf7 40.
Rf1+ Ke6 41. Bg5 Rc8 42. Rf6+ Ke5 43. Rf7 b6 44. Rxh7 d4 45. Re7+ Kd5 46. cxd4
Rc2 47. Rd7+ 1-0

[Event "Women's Speed Chess Q2"]
[Site "chess.com INT"]
[Date "2020.06.19"]
[Round "7"]
[White "Pham, Le Thao Nguyen"]
[Black "Dzagnidze, Nana"]
[Result "1-0"]
[WhiteTitle "IM"]
[BlackTitle "GM"]
[WhiteElo "2366"]
[BlackElo "2524"]
[WhiteFideId "12401226"]
[BlackFideId "13601903"]
[EventDate "2020.06.19"]

1. d4 Nf6 2. Nf3 e6 3. Bg5 h6 4. Bh4 c5 5. c3 Qb6 6. Qb3 d5 7. e3 Nc6 8. Nbd2
Qxb3 9. axb3 Bd7 10. Bd3 Bd6 11. Bg3 Ke7 12. dxc5 Bxc5 13. b4 Bd6 14. Nb3 Bxg3
15. hxg3 Rhc8 16. O-O a6 17. Nc5 Rab8 18. Rfd1 Be8 19. e4 dxe4 20. Nxe4 Nxe4 21.
Bxe4 Rd8 22. Kf1 f5 23. Bxc6 Bxc6 24. Ne5 Be8 25. Ke1 Kf6 26. f4 g5 27. Rxd8
Rxd8 28. Rd1 Rxd1+ 29. Kxd1 h5 30. Ke2 h4 31. Kf2 Bb5 32. Nf3 hxg3+ 33. Kxg3
gxf4+ 34. Kxf4 Bc6 35. Ne5 Bxg2 36. c4 Be4 37. c5 Bd5 38. Nd7+ Ke7 39. Ne5 Kd8
40. Ng6 Kc7 41. Ke5 b6 42. Nf4 bxc5 43. bxc5 Kc6 44. Kd4 Bb3 45. Nd3 Ba2 46.
Nb4+ Kb5 47. Nxa2 f4 48. Nc3+ Kc6 49. Ne4 a5 50. Ke5 f3 51. Kd4 a4 52. Ke3 Kd5
53. Kxf3 e5 54. Ke3 Kc6 55. Ke2 Kd5 56. Kd3 Kc6 57. Kc4 Kc7 58. Kd5 1-0

[Event "Women's Speed Chess Q2"]
[Site "chess.com INT"]
[Date "2020.06.19"]
[Round "7"]
[White "Balabayeva, Xeniya"]
[Black "Paehtz, Elisabeth"]
[Result "0-1"]
[WhiteTitle "WFM"]
[BlackTitle "IM"]
[WhiteElo "2146"]
[BlackElo "2473"]
[WhiteFideId "13719688"]
[BlackFideId "4641833"]
[EventDate "2020.06.19"]

1. e4 c5 2. Be2 d6 3. f4 g6 4. Nf3 Bg7 5. d3 Nc6 6. O-O Bg4 7. c3 e6 8. Be3 Nge7
9. Nbd2 Rb8 10. a4 a6 11. Qc2 O-O 12. h3 Bxf3 13. Bxf3 Qd7 14. a5 Qc7 15. Qa4
Rfd8 16. g3 Na7 17. d4 cxd4 18. Bxd4 e5 19. Bxa7 exf4 20. Bb6 Qc8 21. Bg2 fxg3
22. Bxd8 Qxd8 23. Qc4 Qe8 24. Qd3 Nc6 25. Qxg3 Ne5 26. Qe3 Qc6 27. Rae1 Qb5 28.
Nf3 Nc4 29. Qf2 Qxa5 30. Nd4 Ne5 31. Re2 Qc7 32. Nf3 Nc4 33. Rd1 b5 34. Kh1 Re8
35. Ree1 h6 36. Nd4 Re7 37. Rf1 Kh7 38. Ra1 Qc8 39. Rfe1 Ne5 40. Nf3 Nd3 41. Qd2
Nxe1 42. Rxe1 Qc5 43. Nd4 a5 44. Nb3 Qb6 45. Qe3 Qc7 46. Nd4 b4 47. cxb4 axb4
48. b3 Qc5 49. Nf3 Qh5 50. Rd1 Rc7 51. Rxd6 Rc3 52. Rd3 Qa5 53. Kh2 Qa2 54. Rxc3
bxc3 55. b4 Qb3 56. Ne1 Qxb4 57. Nc2 Be5+ 58. Kg1 Qb1+ 59. Ne1 c2 60. Qf2 c1=Q
61. Qxf7+ Bg7 0-1

[Event "Women's Speed Chess Q2"]
[Site "chess.com INT"]
[Date "2020.06.19"]
[Round "7"]
[White "Paramzina, Anastasya"]
[Black "Sargsyan, Anna M."]
[Result "1-0"]
[WhiteTitle "WGM"]
[BlackTitle "WGM"]
[WhiteElo "2209"]
[BlackElo "2405"]
[WhiteFideId "4165012"]
[BlackFideId "13308130"]
[EventDate "2020.06.19"]

1. e4 c6 2. Nc3 d5 3. Nf3 Bg4 4. h3 Bxf3 5. Qxf3 Nf6 6. d3 e6 7. Bd2 Nbd7 8. g4
h6 9. O-O-O Bb4 10. Kb1 Qb6 11. Qg3 Bxc3 12. Bxc3 dxe4 13. Bg2 exd3 14. Rxd3
O-O-O 15. Bd4 Qc7 16. Bxa7 Qxg3 17. Rxg3 Nd5 18. c4 Nf4 19. Be3 Ne2 20. Rf3 Ne5
21. Re1 Nxf3 22. Rxe2 Nd4 23. Re1 Rd7 24. b4 Rhd8 25. Kb2 e5 26. Kc3 f6 27. Be4
Kc7 28. a4 g6 29. Bxg6 Ra8 30. Ra1 c5 31. bxc5 Ra5 32. Be8 Rd8 33. Bb5 Nc6 34.
f4 e4 35. Re1 Rd3+ 36. Kc2 Nb4+ 37. Kb2 Na6 38. Bc1 Nxc5 39. f5 Rxh3 40. Bf4+
Kc8 41. Kc2 Nd3 42. Rxe4 Nxf4 43. Rxf4 Ra8 44. Re4 Kb8 45. Re7 Ka7 46. Bc6 Rb8
47. Bd5 Rg3 48. Rg7 h5 49. Rg6 Rxg4 50. Rxf6 h4 51. Rh6 Re8 52. Rh7 Rb8 53. f6
Rf4 54. f7 Kb6 55. Rg7 1-0